NLSUI OPAC header image

Gandhi’s Philosophy and the Quest for Harmony (Record no. 120654)

MARC details
000 -LEADER
fixed length control field 00303nam a2200109Ia 4500
100 ## - MAIN ENTRY--PERSONAL NAME
Personal name Anthony J. Parel
245 #0 - TITLE STATEMENT
Title Gandhi’s Philosophy and the Quest for Harmony
264 ## - PRODUCTION, PUBLICATION, DISTRIBUTION, MANUFACTURE, AND COPYRIGHT NOTICE
Name of producer, publisher, distributor, manufacturer Cambridge University Press
Date of production, publication, distribution, manufacture, or copyright notice 2006
300 ## - PHYSICAL DESCRIPTION
Extent 226
942 ## - ADDED ENTRY ELEMENTS (KOHA)
Koha item type CSSEIP Office Library Collection
Holdings
Withdrawn status Lost status Damaged status Not for loan Home library Current library Shelving location Date acquired Total Checkouts Barcode Date last seen Price effective from Koha item type
      Not For Loan . . CSSEIP Office Library - Gandhian Studies 23.06.2020   G005     23.06.2020 23.06.2020 CSSEIP Office Library Collection